| 000 | 00501nam a2200169 a 4500 | ||
|---|---|---|---|
| 005 | 20240504063757.0 | ||
| 008 | 010918s1976 r 000 0 eng d | ||
| 035 | _aUPN01000111660 | ||
| 049 | _aCG | ||
| 050 | 4 |
_aGN400 _bF5.48 |
|
| 100 | 1 |
_aFirth, Raymond [William], _d1901- |
|
| 245 | 1 | 0 |
_aElementos de antropologĂa social / _cRaimond Firth ; tr. Zoraida J. Valcárcel. |
| 260 |
_aBuenos Aires : _bAmorrortu, _c1976. |
||
| 300 | _a269 p. | ||
| 650 | 4 |
_aSociedades primitivas _914809 |
|
| 905 | _aLibro | ||
| 999 |
_c85568 _d85568 |
||